|
|
|
|
| LEADER |
00803cam a2200229 7i4500 |
| 001 |
0000034347 |
| 005 |
20170530090000.0 |
| 007 |
##ta |
| 008 |
170530s2017 |
| 040 |
# |
# |
|a MATR
|
| 090 |
0 |
0 |
|a CHIN 658.834
|b CON
|
| 245 |
0 |
0 |
|a CONSUMER LIFESTYLES IN CHINA
|c Euromonitor International.
|
| 264 |
# |
1 |
|a London:
|b Euromonitor International,
|c 2017.
|
| 300 |
# |
# |
|a ii, 50 pages:
|b illustrations;
|c 30 cm.
|
| 336 |
# |
# |
|a text
|2 rdacontent
|
| 337 |
# |
# |
|a unmediated
|2 rdamedia
|
| 338 |
# |
# |
|a volume
|2 rdacarrier
|
| 490 |
0 |
# |
|a Market report - January 2017
|
| 650 |
# |
0 |
|a Consumer lifestyles --
|x Markets --
|z China
|
| 650 |
# |
0 |
|a Consumer behavior --
|x Markets --
|z China
|
| 650 |
# |
0 |
|a Consumer --
|x Research --
|x Markets --
|z China
|
| 999 |
|
|
|a B000038768
|b Book
|c Countries
|e Business Information Centre
|